|
|
|
|
| LEADER |
01875nam a2200445 i 4500 |
| 001 |
33028 |
| 003 |
BD-DhAAL |
| 005 |
20180417151920.0 |
| 008 |
180415t2015 nyu b 001 0 eng |
| 999 |
|
|
|c 39260
|d 39260
|
| 010 |
|
|
|a 2014008166
|
| 020 |
|
|
|a 9780415539258 (paperback)
|
| 020 |
|
|
|a 9780415539227 (hardback)
|
| 020 |
|
|
|z 9780203108437 (e-book)
|
| 040 |
|
|
|a DLC
|b eng
|c DLC
|e rda
|d DLC
|d BD-DhAAL
|
| 042 |
|
|
|a pcc
|
| 050 |
0 |
0 |
|a LB2840
|b .I57 2015
|
| 082 |
0 |
0 |
|a 371.102
|2 23
|
| 084 |
|
|
|a EDU009000
|a PSY008000
|a EDU000000
|2 bisacsh
|
| 245 |
0 |
0 |
|a International handbook of research on teachers' beliefs /
|c edited by Helenrose Fives and Michele Gregoire Gill.
|
| 260 |
|
|
|a New York :
|b Routledge,
|c c2015.
|
| 300 |
|
|
|a xii, 502 pages ;
|c 25 cm
|
| 490 |
0 |
|
|a Educational psychology handbook
|
| 504 |
|
|
|a Includes bibliographical references and index.
|
| 526 |
|
|
|a AAL
|
| 541 |
|
|
|a Trim Education
|e 33028, 33029
|
| 650 |
|
0 |
|a Teachers
|x Psychology
|9 25519
|
| 650 |
|
0 |
|a Teachers
|x Attitudes
|9 25520
|
| 650 |
|
0 |
|a Teaching
|9 25521
|
| 650 |
|
0 |
|a Educational psychology
|9 25522
|
| 650 |
|
0 |
|a Education
|x Research
|9 25523
|
| 650 |
|
7 |
|a EDUCATION / Educational Psychology
|2 bisacsh
|9 25524
|
| 650 |
|
7 |
|a PSYCHOLOGY / Cognitive Psychology
|2 bisacsh
|9 25525
|
| 650 |
|
7 |
|a EDUCATION / General
|2 bisacsh
|9 25526
|
| 700 |
1 |
|
|a Fives, Helenrose.
|9 25527
|
| 700 |
1 |
|
|a Gill, Michele Gregoire.
|9 25528
|
| 852 |
|
|
|a Ayesha Abed Library
|c General Stacks
|
| 942 |
|
|
|2 ddc
|c BK
|
| 952 |
|
|
|0 0
|1 0
|2 ddc
|4 0
|6 371_102000000000000_INT
|7 0
|9 63167
|a BRACUL
|b BRACUL
|c GEN
|d 2018-04-12
|e Trim Education
|g 8638.00
|l 4
|m 21
|o 371.102 INT
|p 3010033028
|r 2024-10-22
|s 2022-01-11
|t 1
|v 8638.00
|w 2018-04-12
|y BK
|
| 952 |
|
|
|0 0
|1 0
|2 ddc
|4 0
|6 371_102000000000000_INT
|7 0
|9 63168
|a BRACUL
|b BRACUL
|c GEN
|d 2018-04-12
|e Trim Education
|g 8638.00
|l 1
|m 7
|o 371.102 INT
|p 3010033029
|r 2021-09-09
|s 2018-10-25
|t 2
|v 8638.00
|w 2018-04-12
|y BK
|